000 00209 a2200097 4500
001 59796
100 _a
245 _aDunya kay Azeem Aqwal (Urdu)
260 _aLahore
_bAl Faisal
_c2009
090 _c36646
_d36646
942 _aNUST-CAE
_c
_c29609
999 _c294869
_d294869